| 000 | 00916nam a2200265 b 4500 | ||
|---|---|---|---|
| 001 | Mimo0001831354 | ||
| 003 | OSt | ||
| 005 | 20150928100609.0 | ||
| 008 | 030206s199? mex spa | ||
| 020 | _a968-6034-49-8 | ||
| 040 |
_aSpMaBN _bspa _cBMC _erdc |
||
| 082 | _a658.15 | ||
| 082 | _a515 | ||
| 100 | 1 |
_95545 _aWeber, Jean E. |
|
| 245 | 1 | 0 |
_aMatemáticas para administración y economía _cJean E. Weber ; traducción, Mei Mei Alicia Chu Pulido |
| 260 |
_aMéxico, D.F. _bHarla _c1984 |
||
| 300 |
_aXII, 823 p. _bgráf. _c23 cm |
||
| 500 | _aÍndice: p. [815]-823 | ||
| 504 | _aReferencias bibliográficas: p. [813]-814 | ||
| 597 | _1Ejemp. con número de inventario: 1003087, 1003088, 1003089, 1011273, 1011275, 1011276 con la port. arrancada | ||
| 650 | 2 | 4 |
_91606 _aAnálisis matemático |
| 650 | 2 | 4 |
_92228 _aMatemáticas financieras |
| 700 | 1 |
_aChu Pulido, Mei Mei Alicia _94765 |
|
| 942 |
_2ddc _cBK |
||
| 999 |
_c2391 _d2391 |
||